000 01488nam a2200433 a 4500
005 20240430091211.0
008 100429t2007||||ag ||||f |||| 001 0 spa d
020 _a9500620235
041 _aspa
092 _c617.028
_l11
_sCER
100 1 _aCeraso, Daniel H.
_eDir.
_92762
245 _aTerapia Intensiva /
_cDaniel H. Ceraso
250 _a4a ed.
260 _aBuenos Aires:
_bEditorial Médica Panamericana;
_c2007.
300 _a1280 p.
_c28x20 cm.
500 _aCeraso, D. H. (Dir.). (2007). Terapia Intensiva. (4a ed.). Buenos Aires : Editorial Médica Panamericana.
653 _aEmergencias y reanimación
653 _aDiagnoóstico por imágenes y radiología intervencionista en el paciente crítico
653 _aManejo de la vía aérea
653 _aRespiratorio
653 _aNeurointensivismo
653 _aCardiovascular
653 _aInfecciones en el paciente crítico
653 _aSepsis, Shock y Disfunción multiorganica
653 _aRiñón y medio interno
653 _aDigestivo
653 _aTrauma
653 _aNutrición y Metabolismo
653 _aObstetricia crítica
653 _aTransplante
653 _aBioética
653 _aGenética
653 _aEndocrinología crítica
653 _aCalidad (Gestión en cuidados intensivos. Gestión en cuidados intensivos pediátricos)
653 _aIntoxicaciones
653 _aScores de gravedad
653 _aMedicina legal en Terapia intensiva
942 _2ddc
_cBK
999 _c1835
_d1835